| 000 | 00475nam a2200169Ia 4500 | ||
|---|---|---|---|
| 008 | 230718s9999 xx 000 0 und d | ||
| 020 | _a9780241975466 | ||
| 041 | _aeng | ||
| 082 |
_a650.1 _bBLA |
||
| 100 |
_aBlake J. _9201418 |
||
| 245 |
_aPivot _bThe Only Move That Matters Is Your Next One |
||
| 260 |
_c2016 _bPortfolio/Penguin |
||
| 300 | _a270 | ||
| 365 |
_cRs. _b599.00 |
||
| 700 |
_aBlake J. _9201418 |
||
| 906 |
_dO:0634018-Jan-2019B:490602-Dec-2018 _cGENRL _b131.78 |
||
| 999 |
_c349265 _d349265 |
||